Microsoft Windows NT Technical Support, (Record no. 6502)

MARC details
005 - DATE AND TIME OF LATEST TRANSACTION
control field 20250701095616.0
020 ## - INTERNATIONAL STANDARD BOOK NUMBER
International Standard Book Number 1-57231-373-0
082 ## - DEWEY DECIMAL CLASSIFICATION NUMBER
Classification number 005-74 MIC
100 ## - MAIN ENTRY--PERSONAL NAME
Author name MICROSOFT,
245 ## - TITLE STATEMENT
Title Microsoft Windows NT Technical Support,
260 ## - PUBLICATION, DISTRIBUTION, ETC.
Place of publication, distribution, etc. New York,
Name of publisher, distributor, etc. Microsoft Press,
Date of publication, distribution, etc. 1998.
300 ## - PHYSICAL DESCRIPTION
Extent xxxix;773p: ill; Figure,
Other physical details Index,
Dimensions 25cm.
942 ## - ADDED ENTRY ELEMENTS (KOHA)
Source of classification or shelving scheme Dewey Decimal Classification
Koha item type Books
Holdings
Date last seen Total checkouts Full call number Barcode Cost, replacement price Price effective from Koha item type Lost status Source of classification or shelving scheme Damaged status Not for loan Withdrawn status Home library Current library Shelving location Date acquired Cost, normal purchase price
07/01/2025   005.74 MIC DOM0002191 150000.00 07/01/2025 Books   Dewey Decimal Classification       CBE Dodoma CBE Dodoma General Collection 07/01/2009 50000.00